French players in Arséne Wenger's Arsenal - Statistics

General Stats
  • This quiz has been taken 338 times
  • The average score is 14 of 26
Answer Stats
Games Goals Years Answer % Correct
258 175 1999-2007, 2012 Thierry Henry
99%
279 29 1996-2005 Patrick Vieira
91%
189 62 2000-2006 Robert Pires
84%
255 22 2010-2019 Laurent Koscielny
79%
180 73 2012-2018 Olivier Giroud
78%
187 1 2003-2011 Gaël Clichy
75%
213 4 2007-2014 Bacary Sagna
72%
119 11 1997-2000 Emmanuel Petit
69%
65 23 1997-1999 Nicolas Anelka
68%
86 18 2008-2011 Samir Nasri
64%
106 31 2000-2004 Sylvain Wiltord
59%
102 7 2004-2008 Mathieu Flamini
58%
101 12 2006-2010 William Gallas
56%
124 14 2006-2015 Abou Diaby
55%
105 0 2008-2018 Francis Coquelin
51%
13 1 2014-2018 Mathieu Debuchy
49%
23 1 2010-2013 Sébastien Squillaci
45%
63 3 2002-2006 Pascal Cygan
35%
114 4 1997-2002 Gilles Grimandi
33%
29 1 2001-2007 Jérémie Aliadiére
32%
26 3 2008-2010 Mikaël Silvestre
32%
7 0 2007-2008 Lassana Diarra
30%
11 0 2013-2017 Yaya Sanogo
30%
31 0 1996-1999 Remi Garde
24%
1 0 1998-2003 David Grondin
12%
1 0 2008-2009 Amaury Bischoff
7%
No matching quizzes found
Score Distribution
Percent of People with Each Score
Percentile by Number Answered
Your Score History
You have not taken this quiz